| 000 | 01231nam a22002297a 4500 | ||
|---|---|---|---|
| 999 |
_c8009 _d8009 |
||
| 003 | AR-CdUCM | ||
| 008 | 190322b ||||| |||| 00| 0 eng d | ||
| 040 |
_aMUNICIPALIDAD PROVINCIAL DEL CUSCO _cBIBLIOTECA MUNICIPAL DEL CUSCO |
||
| 082 |
_a352 / _bC27 |
||
| 110 |
_aCentro de capacitación e Investigación campesina de Quetzaltenango _922624 |
||
| 245 |
_aEsta tierra es nuestra : _bCompendio de fuentes históricas sobre denuncias, medidas y remedidas, composiciones , titulaciones, usurpaciones, desmembraciones, litigios, transacciones y remates de tierra (Años 1555 - 1952) Area Mam de Quetzaltenango / |
||
| 260 |
_aQetzaltenango - Guatemala : _bCentro de capacitación e Investigación campesina, _c1997. |
||
| 300 |
_a2t. ; _c27 cm. _bMapas, ilustraciones, |
||
| 505 | _aContenido : t.1: Municipios de de Cabricán, Cajolá, Concepción Chiquirichapa, Huitán y San Martín Sacatepequez -- t.2: Municipios de Ostuncalco, Palestina de los Altos, San Miguel Sigüilá, San Carlos Sija y Sibilia | ||
| 650 |
_aGuatemala _92870 |
||
| 650 |
_aCompendio _922625 |
||
| 650 |
_aHistoria _9246 |
||
| 650 |
_aQuetzaltenango _922626 |
||
| 700 |
_aRainer Hostnig (Compilador) _922627 |
||
| 942 |
_2ddc _cLIBROS |
||
| 945 | _admma | ||